| 000 | 02713cam a22004095a 4500 | ||
|---|---|---|---|
| 001 | L144363 | ||
| 008 | 080715s1995 xxko f 000 0 eng d | ||
| 020 | _a0854066888 | ||
| 035 | _a(Sirsi) u144363 | ||
| 041 | 0 | _aeng | |
| 050 | 0 | 4 | _a711.558 $2 18 |
| 110 | 2 |
_aRoyal Institution of Chartered Surveyors _94900 |
|
| 245 | 0 | 0 |
_aTomorrow's countryside _ba rural strategy |
| 260 |
_aLondon _bRICS _c1995 |
||
| 300 |
_a33p. _bill. _c30cm. |
||
| 505 | 2 | _aSummary and recommendations: future agricultural policy -- Sustaining rural communities -- Conserving the rural environment -- Delivering the strategy | |
| 505 | 2 | _aFuture agricultural policy: changing priorities -- The common agricultural policy: a flawed policy -- A new policy -- Key principles of a new policy -- Recommendations for policy development | |
| 505 | 2 | _aSustaining rural communities: introduction -- Town and country -- Employment and enterprise -- Transport -- Housing -- Design in the countryside -- Access -- Village shops -- Village schools/community centres | |
| 505 | 2 | _aConserving the rural environment: introduction -- Environmental acounting -- Agri-environmental measures -- Excessive use of chemicals -- Energy -- Land and waste pollution -- Despoiled landscapes -- Regional/local diversity -- Minerals -- Environmental education | |
| 505 | 2 | _aDelivering the strategy: introduction -- Implementation of a national strategy -- Regional guidance -- Rural strategy plans -- Whole farm/estate plans -- Guidance, advice and enabling measures | |
| 520 | _aThis document sets out a broad vision for policy change in relation to guiding change in the countryside in England and Wales. It is a cross-party document that seeks to provide impetus for improvements in the cohesion and direction of countryside policy development. | ||
| 521 | _aAdvanced | ||
| 650 | 2 | 4 | _aPLANNING POLICY GUIDANCE NOTE 1 (PLANNING PRINCIPLES) |
| 650 | 2 | 4 | _aPLANNING POLICY GUIDANCE NOTE 3 (HOUSING) |
| 650 | 2 | 4 | _aPLANNING POLICY GUIDANCE NOTE 4 (INDUSTRIAL AND COMMERCIAL DEVELOPMENT) |
| 650 | 2 | 4 | _aPLANNING POLICY GUIDANCE NOTE 6 (SHOPPING) |
| 650 | 2 | 4 | _aPLANNING POLICY GUIDANCE NOTE 7 (COUNTRYSIDE AND THE RURAL ECONOMY) |
| 650 | 2 | 4 | _aPLANNING POLICY GUIDANCE NOTE 9 (NATURE CONSERVATION) |
| 650 | 2 | 4 | _aPLANNING POLICY GUIDANCE NOTE 12 (DEVELOPMENT PLANS AND REGIONAL PLANNING GUIDANCE) |
| 650 | 2 | 4 | _aPLANNING POLICY GUIDANCE NOTE 13 (TRANSPORT) |
| 651 | 4 |
_aEngland and Wales _y1543- |
|
| 690 | _aENVIRONMENTAL AND LAND CONSULTANCY-AGRIBUSINESS-AGRICULTURE | ||
| 710 | 1 |
_aThe Royal Town Planning Institute _92401 |
|
| 710 | 1 | _aCounty Planning Officers Society | |
| 710 | 1 |
_aDistrict Planning Officers' Society _92006 |
|
| 942 | _n0 | ||
| 999 |
_c108468 _d108468 |
||